Fixed points and nonexpansive mappings

Αποθηκεύτηκε σε:
Λεπτομέρειες βιβλιογραφικής εγγραφής
Συγγραφή απο Οργανισμό/Αρχή: American Mathematical Society
Άλλοι συγγραφείς: Sine, Robert C., 1936- (Επιμελητής έκδοσης)
Μορφή: Βιβλίο
Γλώσσα:English
Δημοσίευση: Providence, R.I. : American Mathematical Society, c1983.
Σειρά:Contemporary mathematics (American Mathematical Society) ; 18
Θέματα:
Ετικέτες: Προσθήκη ετικέτας
Δεν υπάρχουν, Καταχωρήστε ετικέτα πρώτοι!

MARC

LEADER 00000cam a2200000 i 4500
001 1/2808
008 000515s1983 riu ||| | eng||
020 |a 0821850180 
035 |l 10060573 
040 |a GR-MY-UA  |b gre  |e aacr 
041 0 |a eng 
082 0 |a 514 
245 1 0 |a Fixed points and nonexpansive mappings /   |c Robert C. Sine, editor.  
260 |a Providence, R.I. :   |b American Mathematical Society,   |c c1983.  
300 |a viii, 253 σ.;  |c 25 εκ.  
490 1 |a (Contemporary mathematics (American Mathematical Society)   |v ; 18) 
500 |a "Proceedings of the special session on fixed points, nonexpansive mappings, and related topics, 88th annual meeting of the American Mathematical Society, held in Cincinnati, Ohio, January 11-17, 1982" 
504 |a Περιέχει βιβλιογραφικές αναφορές.  
650 0 0 |a Fixed point theory  |x Congresses. 
650 0 0 |a Nonexpansive mappings. 
700 1 |a Sine, Robert C.,   |d 1936-  |e edt 
710 2 |a American Mathematical Society. 
830 0 |a Contemporary mathematics (American Mathematical Society) ;  |v  18 
852 |a INST  |b SAMOS  |e 20000515  |h 514 FIX  |p 005300016157  |q 005300016157  |t BK  |y 0 
901 |a BIBL3-2000-2 
909 |a Σ  |b 067592 
922 |a 3ΕΛΗ  |b 199912  |c ΕΠΕΑΕΚ/ΜΑΘ  |d ΠΑΠΑΣΩΤΗΡΙΟΥ 
970 |z 2000/05/ELIDOC